|
|
|
|
| LEADER |
00000nam0a2200000 4500 |
| 001 |
275103 |
| 005 |
20231101234806.0 |
| 035 |
|
|
|a (RuTPU)RU\TPU\book\298334
|
| 090 |
|
|
|a 275103
|
| 100 |
|
|
|a 20141112d1984 k y0rusy50 ca
|
| 101 |
0 |
|
|a rus
|
| 102 |
|
|
|a LT
|
| 105 |
|
|
|a y z 101zy
|
| 200 |
1 |
|
|a Методы топологии и римановой геометрии в математической физике
|e материалы второй научной школы, г. Друскининкай, 23-27 мая 1983 г.
|f Вильнюсский государственный университет ; под ред. А. Матузявичюса
|
| 210 |
|
|
|a Вильнюс
|c Вильнюсский государственный ун-т
|d 1984
|
| 215 |
|
|
|a 108 с.
|
| 320 |
|
|
|a Библиогр. в конце ст.
|
| 606 |
1 |
|
|a Математическая физика
|2 stltpush
|3 (RuTPU)RU\TPU\subj\41221
|9 61028
|
| 610 |
1 |
|
|a физика
|
| 610 |
1 |
|
|a топология
|
| 610 |
1 |
|
|a Риманова геометрия
|
| 610 |
1 |
|
|a теория Янга-Миллса
|
| 610 |
1 |
|
|a твисторы
|
| 610 |
1 |
|
|a уравнения Эйнштейна
|
| 610 |
1 |
|
|a стохастический анализ
|
| 610 |
1 |
|
|a алгебра Вирасоро
|
| 610 |
1 |
|
|a материалы конференций
|
| 675 |
|
|
|a 53:51(063)
|v 3
|
| 702 |
|
1 |
|a Матузявичюс
|b А.
|4 340
|
| 712 |
0 |
2 |
|a Вильнюсский государственный университет
|2 stltpush
|3 (RuTPU)RU\TPU\col\11994
|9 25315
|
| 712 |
1 |
2 |
|a Методы топологии и римановой геометрии в математической физике
|b конференция
|d 2
|e Вильнюс
|f 1983
|
| 801 |
|
1 |
|a RU
|b 63413507
|c 20141112
|
| 801 |
|
2 |
|a RU
|b 63413507
|c 20170125
|g RCR
|
| 942 |
|
|
|c BK
|